01189cam a2200325 a 45000010009000000050017000090080041000260100017000670200030000840200027001140200037001410200034001780200037002120200034002490350024002830400044003070410008003510420008003590800013003670820013003801000007003931010008004002450117004088000044005259060045005699420012006149990017006269520110006439520110007531625115520171215044118.0100525s2011 maua 001 0 eng c a 2010929505 a9781439078389 (softcover) a1439078386 (softcover) a9781439078402 (softcover spiral) a1439078408 (softcover spiral) a9781439078419 (hardcover spiral) a1439078416 (hardcover spiral) a(OCoLC)ocn502032710 aBTCTAbengcBTCTAdUPMdYDXCPdSGBdDLC aeng apcc a004 SHEL a004 SHEL1 a30 aSHK10aMicrosoft Office 2010 :cGary B. Shelly, Misty E. Vermaat ; contributing authors, Raymond E. Enger ... [et al.].1 aShelly, Gary B.tShelly Cashman series. a7bcbccpccadapd3encipf20gy-gencatlg 2ddccBK c38991d38991 00102udc40708PËKGa002b002cPËKGd2017-12-15l0o004 SHELp002-29413r2017-12-15w2017-12-15yBK 00102udc40708PËKGa002b002cPËKGd2017-12-15l0o004 SHELp002-29418r2017-12-15w2017-12-15yBK